Neidio i'r cynnwys
VuFind
Iaith
English
Deutsch
Español
Français
Italiano
日本語
Nederlands
Português
Português (Brasil)
中文(简体)
中文(繁體)
Türkçe
עברית
Gaeilge
Cymraeg
Ελληνικά
Català
Euskara
Русский
Čeština
Suomi
Svenska
polski
Dansk
slovenščina
اللغة العربية
বাংলা
Galego
Tiếng Việt
Hrvatski
हिंदी
Pob Maes
Teitl
Awdur
Pwnc
Rhif Galw
ISBN/ISSN
Tag
Canfod
Uwch
Chwilio
Indian standards specification...
Dyfynnu hwn
E-bostio hwn
Argraffu
Allforio Cofnod
Allforio i RefWorks
Allforio i EndNoteWeb
Allforio i EndNote
permanent_link
Llwytho...
Indian standards specification for forzen prawns(shrimp)
Manylion Llyfryddiaeth
Iaith:
English
Pynciau:
Daliadau
Disgrifiad
Eitemau Tebyg
Dangos Staff
LEADER
00334nam a2200145 a 4500
005
20151028162208.0
008
960221s1955 dcuabcdjdbkoqu001 0deng d
003
ViArRB
082
|a
641.395
245
|a
Indian standards specification for forzen prawns(shrimp)
300
|c
Book
653
|a
942
|c
BK
|6
_
942
|c
BK
999
|c
77124
|d
77124
Eitemau Tebyg
Indian standard: specification for frozen prawns(shrimp) Indian standards MS001635-MS001648 and MS002136-Ms002142 Bind together in one BOOk
gan: Indian Standard Institution
Cyhoeddwyd: (1972)
Marine prawns and shrimps
gan: Biswas, KP
Cyhoeddwyd: (2011)
Marine prawns and shrimps
gan: Biswas, KP
Cyhoeddwyd: (2011)
Marine Prawns and shrimps
gan: Biswas,K P
Cyhoeddwyd: (2011)
Farming of prawns and shrimps
gan: Apud, F D Primavera, J H Torres, P L
Cyhoeddwyd: (1987)
Llwytho...